Solutions manual principles of information systems for management
This book is divided into five major parts. Part A includes answers to the review questions and problems at the end of text chapters. Part B presents proposed solutions for the case assignments. Part C includes an outline for an assigned preliminary system study study report and an example of such a...
Đã lưu trong:
| Tác giả chính: | |
|---|---|
| Định dạng: | Sách |
| Ngôn ngữ: | Undetermined |
| Được phát hành: |
Dubuque, Iowa
BETech
1994
|
| Những chủ đề: | |
| Các nhãn: |
Thêm thẻ
Không có thẻ, Là người đầu tiên thẻ bản ghi này!
|
| Thư viện lưu trữ: | Trung tâm Học liệu Trường Đại học Cần Thơ |
|---|
| LEADER | 01062nam a2200205Ia 4500 | ||
|---|---|---|---|
| 001 | CTU_22639 | ||
| 008 | 210402s9999 xx 000 0 und d | ||
| 020 | |b 25df | ||
| 082 | |a 658.4038011 | ||
| 082 | |b A285 | ||
| 100 | |a Niv Ahituv | ||
| 245 | 0 | |a Solutions manual principles of information systems for management | |
| 245 | 0 | |c Niv Ahituv, H Norton Riley, Seev Neumann | |
| 260 | |a Dubuque, Iowa | ||
| 260 | |b BETech | ||
| 260 | |c 1994 | ||
| 520 | |a This book is divided into five major parts. Part A includes answers to the review questions and problems at the end of text chapters. Part B presents proposed solutions for the case assignments. Part C includes an outline for an assigned preliminary system study study report and an example of such a report. Part D includes answers to the questions in the minicases provided at the ends of chapters. Part E contains transparency masters of the figures and tables in the text | ||
| 650 | |a management information systems | ||
| 904 | |i Minh, 980525 | ||
| 980 | |a Trung tâm Học liệu Trường Đại học Cần Thơ | ||